Á lódáil...
Current concepts on fungal diseases of rice
| Príomhúdar: | |
|---|---|
| Formáid: | Printed Book |
| Teanga: | Undetermined English |
| Foilsithe: |
New Delhi
Today & Tomorrow s printers & Publishers
1983
|
| Ábhair: |
| LEADER | 00627nam a2200181Ia 4500 | ||
|---|---|---|---|
| 008 | 140306s9999 xx 000 0 und d | ||
| 041 | |a eng | ||
| 082 | |a 633.189 4 |b GAN | ||
| 100 | |a Gangopadhayay, S | ||
| 245 | |a Current concepts on fungal diseases of rice | ||
| 260 | |a New Delhi |b Today & Tomorrow s printers & Publishers |c 1983 | ||
| 300 | |a 349 | ||
| 650 | |a rice blast diseases | ||
| 650 | |a Rice fungal diseases | ||
| 650 | |a rice stem not | ||
| 942 | |2 ddc |c BK | ||
| 999 | |c 51819 |d 51819 | ||
| 952 | |0 0 |1 0 |2 ddc |4 0 |6 633_189000000000000_4_GAN |7 0 |9 68144 |a KAUACV |b KAUACV |d 2004-05-05 |o 633.189 4 GAN |p KAU_ACV-20452 |r 2014-03-22 |w 2014-03-22 |y BK | ||